Vydarený Deň polície v Rožňave

Podrobná bibliografia
Hlavní autori: Janšová, Elena (Author), Komendová, Iveta (Author)
Médium: Článok
Jazyk:Slovak
Témy:
Zdroj: 1. Lúč 1. Roč. 7, č. 129(1998), dát. 0606, s. 3
LEADER 00793nab#a2200301#ar4500
001 000018113
003 SVKKK
005 00000000000000.0
008 c xo e sloo
FMT
038 |a SVKKK 
040 |a SVKKK  |b slo  |e AACR2 
041 0 |a slo 
044 |a xo  |c SK 
080 |a 351.7  |2 1981 
100 1 |a Janšová, Elena  |4 aut 
245 1 0 |a Vydarený Deň polície v Rožňave  |c Janšová Elena, , Komendová Iveta 
300 |b Fotogr. 1 
650 0 4 |a Mestská polícia, Rožňava  |z Deň polície, Rožňava  |x činnosť  |x riporty 
700 1 |a Komendová, Iveta  |4 aut 
773 0 |t Lúč  |g Roč. 7, č. 129(1998), dát. 0606, s. 3 
957 |a Rožňava 
958 |a RV 
974 |d 980706  |a Šá 
992 |a RBX 
BAS
852 |a SVKKK  |b BIB 
998 |a REG